000 02018nam a2200289 4500
001 0000023788
003 CO-CtgCURN
005 20250331185212.0
007 ta
008 160627s2002 000 0 eng d
040 _aCO-CtgCURN
_bspa
_ccoctgcurn
082 0 _a616.07545
_bK18
110 2 _aKarl Storz GmbH , Co.
245 1 0 _aStorz :
_bel mundo de la endoscopia. Laparoscopia /
_cKarl Storz GmbH , Co.
250 _a4a. Ed.
260 _aTuttlingen :
_bStorz,
_c2002.
300 _aPag. var.; hojas anilladas.
336 _2rdacontent
337 _2rdamedia
_asin mediacion
_bn
338 _2rdacarrier
_avolumen
_bnc
500 _aIncluye indice general, indice alfabetico por capitulos, indice numerico.
505 8 _aConjuntos recomendados -- opticas Hopkins 1 mm - 11 m -- Trocares 2,5 mm - 13 mm, mandriles de dilatacion, canulas de reducción, extractores, canulas con espiral, distanciadores, agujas de veress -- Pinzas de disección y agarre clickline - giratorias, 2 mm - 10 mm -- Tijeras, troqueles y pinzas de biopsia, clickline - giratorias, 2 mm - 10 mm -- Intrumentos para la coagulacion unipolar y bipolar, 2 mm - 10 mm -- Sondas palpadoras, retractores y disectores, agujas y extractores, instrumentos de iluminacion -- Sutura y ligadura -- Mangos e instrumentos de irrigacion y aspiracion -- Instrumentos para la cirugia laser -- Sistemas de sujecion y modelos para practicas -- Laparoscopia sin gas, cirugia laparoscopica asistida manualmente, retractor para el canal inguinal, instrumentos para la minilaparotomia -- Colangiografia y coledoscopia intraoperatorias, microbisturies -- Cirugia anal -- Cirugia mamaria, set de instrumentos para linfadenectomia axilar - ductoscopia -- Accesorios ginecologicos -- Aparatos y accesorios para laparoscopia -- Telepresence, sistemas de camaras, documentacion - iluminacion
650 1 4 _aEndoscopia.
908 _a160627
942 _cBK
_h616.07545
_iK18
_2ddc
999 _c22721
_d22721